000 00343nam a2200097Ia 4500
008 220120s9999||||xx |||||||||||||| ||und||
100 _aPushpanjali and others
_912611
245 0 _aPublic auditing of dynamic big data with fine grained update
260 _aCoorg Institute of Technology
_bPonnampet
_c2003
650 _aELECTRONICS AND COMMUNICATIONS
999 _c138209
_d138209